000 00714nam a2200277Ia 4500
001 Z_2989
003 CHAP
008 220113s1971 xx 000 0 und d
010 _a166076
040 _cCHAP
082 _a641.1 H3y
100 _aHart, F. Leslie
_952924
245 _aAnálisis moderno de los alimentos /
_cpor F. Leslie Hart y Harry Johnstonme Fisher
260 _aZaragoza :
_bAcribia,
_c1971
300 _a619 p.
440 _a
500 _aTrad. De : la edición en inglés de 1971.
503 _a
650 _aAlimentos
_xAnálisis I. Fisher, Harry Johnstone II. t.
_9140131
901 _a641.1 H3y
902 _aA
910 _a1971
942 _c1
942 _cc1
999 _c166076
_d166076